Using UNIX system V (Release 3)

A practical guide to AT and Ts complex UNIX V.3., explaining the system's features and functions. Early chapters cover such elements as basic program commands, using files and directories, and editing and text processing. The LeBlond Group then shows how to use the three "shells" incl...

Full beskrivning

Sparad:
Bibliografiska uppgifter
Huvudupphovsman: Leblond, Geoffrey
Materialtyp: Bok
Språk:Undetermined
Publicerad: New York Osborne McGraw-Hill 1990
Ämnen:
Taggar: Lägg till en tagg
Inga taggar, Lägg till första taggen!
Thư viện lưu trữ: Trung tâm Học liệu Trường Đại học Cần Thơ
LEADER 01062nam a2200205Ia 4500
001 CTU_222368
008 210402s9999 xx 000 0 und d
082 |a 005.4469 
082 |b L446 
100 |a Leblond, Geoffrey 
245 0 |a Using UNIX system V (Release 3) 
245 0 |c Geoffrey Leblond, Sheila R. Blust, Wes Modes 
260 |a New York 
260 |b Osborne McGraw-Hill 
260 |c 1990 
520 |a A practical guide to AT and Ts complex UNIX V.3., explaining the system's features and functions. Early chapters cover such elements as basic program commands, using files and directories, and editing and text processing. The LeBlond Group then shows how to use the three "shells" included in the UNIX system with an emphasis on solving real-life problems and increasing productivity. It also covers program development, system administration and the utility programs included with UNIX 
650 |a UNIX,UNIX 
650 |x Computer file,Tập tin máy tính 
904 |i Hải 
980 |a Trung tâm Học liệu Trường Đại học Cần Thơ